00888nam a2200241 i 4500001000700000003000900007005001700016007000300033008004100036080003300077100002200110245012800132260005000260300003000310490003100340600003700371610004900408655004000457700003000497710004700527830003100574852004100605106609ES-MaACL20231005163508.0t|061205s1970 sp ||||1| spa d a75 Coronado, Manuel (083.82)1 aCoronado, Manuel.10aCoronado b: [exposición, Ateneo de Madrid, Sala Joven - Prado 21, diciembre 1970] / c[texto: M. A. García Viñolas]. aMadrid : bPublicaciones Españolas, c1970. a[8] p. : bil. ; c20 cm.1 aSerie IV, Sala Joven ; v414aCoronado, Manuel-vExposiciones.27aAteneo de Madrid-vExposiciones-y1970-1979. 72tgfbneaCatálogos de exposiciones1 aGarcía Viñolas, M. A.2 aAteneo de Madrid. bSala Joven (Prado, 21)0 aSerie IV, Sala Joven ; v4 aES-MaACLj2211-F-5 bR.138344cDEPOF